Normal view
MARC view
Entry Personal Name
001 - CONTROL NUMBER
- control field: 296361
003 - CONTROL NUMBER IDENTIFIER
- control field: OSt
005 - DATE AND TIME OF LATEST TRANSACTION
- control field: 20220925231926.0
008 - FIXED-LENGTH DATA ELEMENTS
- fixed length control field: 220925|| aca||aabn | a|a d
040 ## - CATALOGING SOURCE
- Original cataloging agency: OSt
- Transcribing agency: OSt
100 ## - HEADING--PERSONAL NAME
- Personal name: Patton Clyde P
670 ## - SOURCE DATA FOUND
- Source citation: Work cat.: (OSt)589778: Patton Clyde P, Physical geography Ed by Margaret Kearney, 1974
